| 000 | 01354cam a2200229 4500 | ||
|---|---|---|---|
| 001 | ABS62994 | ||
| 008 | 000000n2000 000 0 eng u | ||
| 035 | _a(Sirsi) u108946 | ||
| 245 | _aBolton MBC v Tudor Properties Limited and Others | ||
| 260 | _c2000 | ||
| 490 |
_aRating and Valuation Reporter _v40 (9) [2000] RVR 292-296(5) |
||
| 520 | _aCA 19 April 2000. T's claim for compensation for the compulsory purchase of their freehold interest in 11.186ha land was determined by the LT. In making its valuation the LT held that the scheme which must be disregarded was the leisure development of the land by developers THI. The LT rejected an argument that the scheme which must be ignored was a wider scheme, and gave three reasons why the narrower scheme must be disregarded. The Council appealed. Appeal dismissed because there was no error of law in the LT's reasons for its conclusion on the scope of the scheme underlying the acquisition. Duplicated at [2000] RVR 348-351(4) | ||
| 590 | _aABS | ||
| 650 | _aBOLTON MBC V TUDOR PROPERTIES | ||
| 650 |
_aCompulsory purchase _96228 |
||
| 650 | _aCOMPENSATION | ||
| 650 | _aFREEHOLD INTEREST | ||
| 650 | _aLEISURE DEVELOPMENT | ||
| 650 |
_aValuation _96273 |
||
| 690 | _aENVIRONMENTAL AND LAND CONSULTANCY-PLANNING AND DEVELOPMENT-COMPULSORY PURCHASE AND COMPENSATION | ||
| 942 | _n0 | ||
| 999 |
_c65054 _d65054 |
||